|
|
|
|
| LEADER |
00000nam0a2200000 4500 |
| 001 |
254045 |
| 005 |
20231101232912.0 |
| 010 |
|
|
|a 5120009883
|
| 035 |
|
|
|a (RuTPU)RU\TPU\book\276467
|
| 090 |
|
|
|a 254045
|
| 100 |
|
|
|a 20140318d1989 k y0rusy50 ca
|
| 101 |
0 |
|
|a rus
|
| 102 |
|
|
|a UA
|
| 105 |
|
|
|a a z 001zy
|
| 200 |
1 |
|
|a Оптимизация природной среды
|f В. И. Галиций
|g Академия наук Украинской ССР (АН УССР), Институт геофизики (ИГФ)
|
| 210 |
|
|
|a Киев
|c Наукова думка
|d 1989
|
| 215 |
|
|
|a 172 с.
|c ил.
|
| 320 |
|
|
|a Библиогр.: с. 164-170.
|
| 606 |
1 |
|
|a Ландшафтоведение
|2 stltpush
|3 (RuTPU)RU\TPU\subj\39857
|9 59762
|
| 610 |
1 |
|
|a природная среда
|
| 610 |
1 |
|
|a оптимизация
|
| 610 |
1 |
|
|a процессы
|
| 610 |
1 |
|
|a явления
|
| 610 |
1 |
|
|a устойчивость
|
| 610 |
1 |
|
|a прогноз
|
| 610 |
1 |
|
|a управление
|
| 610 |
1 |
|
|a Украина
|
| 675 |
|
|
|a 911.5/9
|v 3
|
| 700 |
|
1 |
|a Галиций
|b В. И.
|g Василий Иванович
|
| 712 |
0 |
2 |
|a Академия наук Украинской ССР (АН УССР)
|b Институт геофизики (ИГФ)
|c (Киев)
|2 stltpush
|3 (RuTPU)RU\TPU\col\13865
|
| 801 |
|
1 |
|a RU
|b 63413507
|c 20140318
|
| 801 |
|
2 |
|a RU
|b 63413507
|c 20140527
|g RCR
|
| 942 |
|
|
|c BK
|